Statistics for Codeword Puzzle #5 - Map Quiz

Click here to take the quiz!

General Stats

  • This quiz has been taken 62 times
  • The average score is 17 of 26

Answer Stats

Answer % Correct
E
94%
A
88%
T
88%
C
82%
D
76%
U
74%
Y
68%
R
65%
I
65%
Q
62%
B
62%
S
62%
K
62%
X
59%
L
59%
N
59%
M
59%
Z
59%
V
59%
O
56%
P
56%
G
53%
F
53%
J
53%
W
50%
H
50%

Score Distribution

Percentile by Number Answered

Percent of People with Each Score

Your Score History

You have not taken this quiz